Catalog

Record Details

Catalog Search



This is the teacher  Cover Image Book Book

This is the teacher / by Rhonda Gowler Greene ; illustrated by Mike Lester.

Greene, Rhonda Gowler. (Author). Lester, Mike. (Added Author).

Summary:

A progressively chaotic day in school provides both mayhem and humor. A teacher's day is profiled--from the time the students rush in and drop their lunches, spill the ant farm, and let loose a snake until they file out and head for home. "On the last page, the poor teacher, harried and exhausted, flops into bed at the end of the day. The story is sure to elicit giggles from the early elementary set and perhaps a bit of sympathy for their teachers as well"--School Library Journal.

Record details

  • ISBN: 0142406538
  • ISBN: 9780142406533
  • Physical Description: 1 v. (unpaged) : color illustrations ; 27 cm.
  • Publisher: New York : Puffin, c2006.

Content descriptions

Target Audience Note:
6-8 years.
Kindergarten-grade 3.
Subject: Teachers > Juvenile fiction.
Classroom management > Juvenile fiction.
Schools > Juvenile fiction.
Teachers > Fiction.
Schools > Fiction.
Stories in rhyme.
Humorous stories.

Available copies

  • 1 of 1 copy available at scottsboropl.

Holds

  • 0 current holds with 1 total copy.
Show Only Available Copies
Location Call Number / Copy Notes Barcode Shelving Location Status Due Date
scottsboropl E Gre 32269000791288 Juvenile - Easy Available -

LDR 01526pam a2200325 a 4500
001129834
003CONS
00520140703073305.0
008060817s2006 nyua j 000 1 eng d
020 . ‡a0142406538
020 . ‡a9780142406533
035 . ‡a(CPomAG)LMN499668
1001 . ‡aGreene, Rhonda Gowler.
24510. ‡aThis is the teacher / ‡cby Rhonda Gowler Greene ; illustrated by Mike Lester.
260 . ‡aNew York : ‡bPuffin, ‡cc2006.
300 . ‡a1 v. (unpaged) : ‡bcolor illustrations ; ‡c27 cm.
520 . ‡aA progressively chaotic day in school provides both mayhem and humor. A teacher's day is profiled--from the time the students rush in and drop their lunches, spill the ant farm, and let loose a snake until they file out and head for home. "On the last page, the poor teacher, harried and exhausted, flops into bed at the end of the day. The story is sure to elicit giggles from the early elementary set and perhaps a bit of sympathy for their teachers as well"--School Library Journal.
5211 . ‡a6-8 years.
5212 . ‡aKindergarten-grade 3.
650 0. ‡aTeachers ‡vJuvenile fiction.
650 0. ‡aClassroom management ‡vJuvenile fiction.
650 0. ‡aSchools ‡vJuvenile fiction.
650 1. ‡aTeachers ‡vFiction.
650 1. ‡aSchools ‡vFiction.
650 0. ‡aStories in rhyme.
650 0. ‡aHumorous stories.
7001 . ‡aLester, Mike.
914 . ‡aSCP_ds
959 . ‡i32269000791288 ‡lE Gre ‡aJuvenile - Easy ‡tEasy ‡g16.50
852 . ‡p32269000791288 ‡jE Gre ‡gJuvenile - Easy ‡cEasy ‡y16.50 ‡bSBPL
901 . ‡a129834 ‡bUnknown ‡c129834 ‡tbiblio

Additional Resources